000 00256nam a22001217a 4500
008 181011b xxu||||| |||| 00| 0 eng d
041 _aeng
080 _a201
100 _a24
101 _aTEO
245 _aExistencialism
_cKaufmann, W
942 _2udc
_cBK
999 _c49434
_d49434